• 首页
  • 本馆介绍
  • 公告通知
  • 最新文献
  • 馆藏检索
  • 电子资源
  • 读者荐购
  • 参考咨询
  • CALIS
  • 我的图书馆
  • 登录
  • 详细信息显示
  • 放入我的书架
  • 预约/预借图书
  • 作者相关作品
  • 分类相关作品
  • 丛书相关作品
  • 出版社相关作品

书目信息

  • 表格格式
  • 工作单格式
  • 卡片格式
题名:
女性化妆史话
    
 
作者: 刘悦 著
分册:  
出版信息: 天津   百花文艺出版社  2005.03
页数: 220页
开本: 21cm
丛书名: 女性史话丛书
单 册:
中图分类: TS974.1-091
科图分类:
主题词: 女性--nu xing--化妆--历史--世界
电子资源:
ISBN: 7-5306-4109-3
 
 
 
 
 
000 00925nam 2200253 450
001 012008659546
005 20080424113539.90
010    @a7-5306-4109-3@dCNY32.00
100    @a20080424d2005 km y0chiy0120 ea
101 0  @achi
102    @aCN@b120000
105    @aa z 000yy
106    @ar
200 1  @a女性化妆史话@Anu xing hua zhuang shi hua@f刘悦著@Fliu yue zhu
210    @a天津@c百花文艺出版社@d2005.03
215    @a220页@c图 (部分彩图)@d21cm
225 2  @a女性史话丛书@Anu xing shi hua cong shu@f刘鸿, 慧丽主编
330    @a本书以生动的文字描绘出古今中外女性化妆的历史,以及与此有关的趣闻逸事,并配有不同时期的精美图片,堪称图文并茂。
410  0 @12001 @a女性史话丛书@1701 0@a刘鸿@Aliu hong@4主编@1701 0@a慧丽@Ahui li@4主编
606 0  @a女性@Anu xing@x化妆@x历史@y世界
690    @aTS974.1-091@v4
701  0 @a刘悦@Aliu yue@4著
801  0 @aCN@bQSSK@c20080424
905    @b20701756-58@dTS974.1-091@eL711@f3
    
    女性化妆史话/刘悦著.-天津:百花文艺出版社,2005.03
    220页:图 (部分彩图);21cm.-(女性史话丛书/刘鸿, 慧丽主编)
    
    
    ISBN 7-5306-4109-3:CNY32.00
    本书以生动的文字描绘出古今中外女性化妆的历史,以及与此有关的趣闻逸事,并配有不同时期的精美图片,堪称图文并茂。
●
相关链接 在E读中查询图书 在当当中查询图书 在豆瓣中查询图书


正题名:女性化妆史话     索取号:TS974.1-091/L711         预约/预借

序号 登录号 条形码 馆藏地/架位号 状态 备注
1 701756   207017565   自科二线504/504自科库 20排2列5层/ [索取号:TS974.1-091/L711] 在馆    
2 701757   207017574   自科二线504/504自科库 20排2列5层/ [索取号:TS974.1-091/L711] 在馆    
3 701758   207017583   自科二线504/504自科库 20排2列5层/ [索取号:TS974.1-091/L711] 在馆    
河南城建学院图书馆 欢迎您!
大连网信软件有限公司© 版权所有